|
|
|
|
| LEADER |
00000naa2a2200000 4500 |
| 001 |
621429 |
| 005 |
20231102023919.0 |
| 035 |
|
|
|a (RuTPU)RU\TPU\conf\20024
|
| 035 |
|
|
|a RU\TPU\conf\20023
|
| 090 |
|
|
|a 621429
|
| 100 |
|
|
|a 20161221d2016 k y0engy50 ba
|
| 101 |
0 |
|
|a eng
|
| 102 |
|
|
|a RU
|
| 105 |
|
|
|a y z 101zy
|
| 135 |
|
|
|a drgn ---uucaa
|
| 181 |
|
0 |
|a i
|
| 182 |
|
0 |
|a b
|
| 200 |
1 |
|
|a Using carbonyl photoinitiators for achieving tunable optical sensitivity of PETN
|f A. S. Zverev [et al.]
|
| 203 |
|
|
|a Текст
|c электронный
|
| 230 |
|
|
|a 1 computer file (pdf; 212 Kb)
|
| 300 |
|
|
|a Title screen
|
| 463 |
|
0 |
|0 (RuTPU)RU\TPU\conf\19513
|t Energy Fluxes and Radiation Effects (EFRE-2016)
|o International Congress, October 2–7, 2016, Tomsk, Russia
|o abstracts
|f National Research Tomsk Polytechnic University (TPU) ; eds. B. M. Kovalchuk [et al.]
|v [P. 416]
|d 2016
|
| 610 |
1 |
|
|a труды учёных ТПУ
|
| 610 |
1 |
|
|a электронный ресурс
|
| 610 |
1 |
|
|a оптика
|
| 610 |
1 |
|
|a чувствительность
|
| 610 |
1 |
|
|a карбонильные фотоинициаторы
|
| 610 |
1 |
|
|a carbonyl photoinitiators
|
| 610 |
1 |
|
|a laser ignition
|
| 610 |
1 |
|
|a PETN
|
| 701 |
|
1 |
|a Zverev
|b A. S.
|c Chemist
|c Assistant of Yurga Technological Institute (branch) of Tomsk Polytechnic University
|f 1987-
|g Anton Sergeevich
|2 stltpush
|3 (RuTPU)RU\TPU\pers\36704
|9 19743
|
| 701 |
|
1 |
|a Mitrofanov
|b A. Yu.
|c Chemist
|c Associate Professor of Yurga Technological Institute (branch) of Tomsk Polytechnic University, Candidate of physical and mathematical sciences
|f 1976-
|g Anatoliy Yuryevich
|2 stltpush
|3 (RuTPU)RU\TPU\pers\36705
|9 19744
|
| 701 |
|
1 |
|a Tsyshevsky
|b R.
|g Roman
|
| 701 |
|
1 |
|a Kostyanko
|b M.
|g Mikhail
|
| 701 |
|
1 |
|a Luzgarev
|b S.
|g Sergey
|
| 701 |
|
1 |
|a Garifzianova
|b G.
|g Guzel
|
| 701 |
|
1 |
|a Kuklja
|b M.
|g Maija
|
| 712 |
0 |
2 |
|a Национальный исследовательский Томский политехнический университет (ТПУ)
|b Юргинский технологический институт (филиал) (ЮТИ)
|b Кафедра сварочного производства (КСП)
|h 355
|2 stltpush
|3 (RuTPU)RU\TPU\col\18891
|
| 801 |
|
2 |
|a RU
|b 63413507
|c 20161230
|g RCR
|
| 856 |
4 |
|
|u http://earchive.tpu.ru/handle/11683/35888
|
| 942 |
|
|
|c BK
|